Lineamenta : (Record no. 119029)
[ view plain ]
| 000 -LEADER | |
|---|---|
| fixed length control field | 01038cam a2200289 a 4500 |
| 001 - CONTROL NUMBER | |
| control field | 406230 |
| 003 - CONTROL NUMBER IDENTIFIER | |
| control field | ARRUPE |
| 005 - DATE AND TIME OF LATEST TRANSACTION | |
| control field | 20141031020006.0 |
| 008 - FIXED-LENGTH DATA ELEMENTS--GENERAL INFORMATION | |
| fixed length control field | 860915s1985 dcu b 000 0 eng d |
| 035 ## - SYSTEM CONTROL NUMBER | |
| System control number | (OCoLC)70993177 |
| 035 ## - SYSTEM CONTROL NUMBER | |
| System control number | (OCoLC)ocm70993177 |
| 035 ## - SYSTEM CONTROL NUMBER | |
| System control number | (CStRLIN)NYCG86-B101139 |
| 035 ## - SYSTEM CONTROL NUMBER | |
| System control number | (NNC)406230 |
| 040 ## - CATALOGING SOURCE | |
| Original cataloging agency | NNC |
| Transcribing agency | NNC |
| 050 ## - LIBRARY OF CONGRESS CALL NUMBER | |
| Classification number | BX839 |
| Item number | .A41 |
| 300 ## - PHYSICAL DESCRIPTION | |
| Dimensions | 22 cm. |
| 100 ## - MAIN ENTRY--PERSONAL NAME | |
| Personal name | Synod of Bishops |
| 9 (RLIN) | 4961 |
| 110 2# - MAIN ENTRY--CORPORATE NAME | |
| Corporate name or jurisdiction name as entry element | Catholic Church. |
| Subordinate unit | Synodus Episcoporum |
| Number of part/section/meeting | (7th : |
| Date of meeting or treaty signing | 1985) |
| 9 (RLIN) | 4962 |
| 245 10 - TITLE STATEMENT | |
| Title | Lineamenta : |
| Remainder of title | The Church in Africa in Service to Reconciliation, Justice and peace |
| Statement of responsibility, etc | Synod of Bishops, Rome, 2006 |
| 260 ## - PUBLICATION, DISTRIBUTION, ETC. (IMPRINT) | |
| Place of publication, distribution, etc | Nairobi |
| Name of publisher, distributor, etc | Paulines Publications Africa |
| Date of publication, distribution, etc | 2006 |
| 300 ## - PHYSICAL DESCRIPTION | |
| Extent | 71 p. ; |
| 500 ## - GENERAL NOTE | |
| General note | "Publication no. 959"--P. [4] of cover. |
| 504 ## - BIBLIOGRAPHY, ETC. NOTE | |
| Bibliography, etc | Includes bibliographical references. |
| 650 #0 - SUBJECT ADDED ENTRY--TOPICAL TERM | |
| Topical term or geographic name as entry element | Laity |
| General subdivision | Catholic Church. |
| 9 (RLIN) | 4963 |
| 740 01 - ADDED ENTRY--UNCONTROLLED RELATED/ANALYTICAL TITLE | |
| Uncontrolled related/analytical title | Vocation and mission of the laity in the Church and in the world twenty years after the Second Vatican Council. |
| 942 ## - ADDED ENTRY ELEMENTS (KOHA) | |
| Source of classification or shelving scheme | Library of Congress Classification |
| Koha item type | Monograph ( Printed materials) |
| Koha issues (borrowed), all copies | 1 |
| Withdrawn status | Lost status | Source of classification or shelving scheme | Damaged status | Not for loan | Collection code | Home library | Current library | Shelving location | Date acquired | Total Checkouts | Full call number | Barcode | Date last seen | Date checked out | Price effective from | Koha item type |
|---|---|---|---|---|---|---|---|---|---|---|---|---|---|---|---|---|
| Library of Congress Classification | Main Collection | ARRUPE LIBRARY | ARRUPE LIBRARY | Main Collection | 03/12/2013 | 1 | BX839 .A41 | 46410873 | 22/11/2017 | 30/10/2014 | 03/12/2013 | Monograph ( Printed materials) |